000 00857nam a2200217Ia 4500
999 _c55969
_d55969
001 23068
003 GE_BSU
005 20230504122140.0
008 181216s1974ge xx |||||||||||||| ||geo||
040 _cGE_BSU
041 _ageo
080 _a821.14'01-21 ე-86
100 _aესქილე
_917957
245 _aორესტეა:
_bტრაგედია ტრილოგიად /
_cესქილე, თარგმნა გ. სარიშვილმა
264 _aთბილისი :
_bხელოვნება,
_c1974
300 _a215 გვ. ;
_b17 სმ.
653 _aანტიკური კულტურა
653 _aორესტეა: ტრაგედია ტრილოგიად
700 _aსარიშვილი, გ
_eმთარგმნელი
_917958
942 _cBK
_2udc